Responses for show #7388 - Wednesday, October 26, 2016

Contestants

[<< previous game]

Erin Henry, a teacher from Greenbelt, Maryland

George Stuart, a payroll professional from Orlando, Florida

Lani Gonzalez, a managing director of an art bazaar from Austin, Texas (whose 3-day cash winnings total $50,600)

[next game >>]

Jeopardy! Round responses

MILITARY MEMORIES
"ARCH" MADNESS
ADVERTISING ICONS
I WAS BATMAN (BUT NOT IN THIS MOVIE)
(Alex: Name the star for us.)
THE KIDS ARE OFF TO COLLEGE
EMPTY NEST
    $200 11
Attila

George
    $200 1
starch

George
    $200 29
Keebler

George
    $200 8
Michael Keaton

Lani
    $200 30
Tempe

Lani
    $200 19
a bald eagle

Erin
    $400 12
Trenton

George
    $400 2
archery

Erin
    $400 28
a zebra

Erin
    $400 7
Christian Bale

Lani
    $400 27
the United Negro College Fund

Lani
    $400 20
a stork

Lani
    $600 13
the Battle of Bull Run

Triple Stumper
    $600 3
Archbishop of Canterbury

George
    $600 16
the Michelin Man

George
    $600 4
(George) Clooney

George
    $600 15
Dartmouth

George
    $600 25
the robin

Erin
    $800 14
Marc Antony

Triple Stumper
    $800 9
parched

George
    $800 17
the Hamburglar

George
    $800 5
Ben Affleck

George
    $800 21
a yeshiva

Erin
    $800 24
ospreys

George
    $2,000 26
Bosworth Field

Erin
    $1000 10
a larch

Erin
    $1000 18
the Chiquita Banana Lady

Erin
    $1000 6
Val Kilmer

Lani
    $1000 22
a land grant

Lani
    $1000 23
a cuckoo

Lani

Scores at the first commercial break (after clue 15):

Lani George Erin
$1,600 $4,200 $1,400

Scores at the end of the Jeopardy! Round:

Lani George Erin
$4,600 $6,600 $6,400

Double Jeopardy! Round responses

THE QUOTABLE BROWNINGS
NUMERIC TERMS
JUNIOR LEAGUE
-OLOGIES
MUSICAL ACTS
"C"ITIES
    $400 25
(Lani: What is Sunday?)

Easter

LaniErin
    $400 27
hanging ten

George
    $400 28
Martin Luther King, Jr.

George
    $400 29
Labor

Erin
    $400 30
(Alex: I think I left out one "jumpman" there.)

Drake

George
    $400 23
Cairo

Triple Stumper
    $800 24
(George: What is Venice?)

Florence

George
Triple Stumper
    $800 26
40 winks

Lani
    $800 19
Strauss

George
    $800 22
stage

Lani
    $800 21
Zayn Malik

George
    $800 20
Cambridge

Lani
    $1200 10
a sonnet

Lani
    $1200 18
the Seven Sisters

George
    $1200 14
Hank Williams, Jr.

George
    $1200 7
side effects

Lani
    $1200 4
Guns N' Roses

George
    $2,000 1
Carthage

Lani
    $2,000 11
(Lani: Um, who is... Hugo?)

George Sand

Lani
    $1600 17
Route 66

Erin
    $1600 15
(Lani: Who is [*]?)
(Alex: We need two.)
(Lani: Oh, uh, ah... [**].)
(Alex: Yes. Okay.)

John Roberts & Alito

Lani
    $1600 8
a chinchilla

Erin
    $1600 5
(George: Who is David Guetta?)

Calvin Harris

LaniGeorge
    $1600 2
Cincinnati

George
    $2000 12
(Alex: The Pied Piper of [*], correct.)

Hamlin

Erin
    $2000 13
(Lani: What is $60,000?)

$64,000

LaniGeorge
    $2000 16
Alexander Haig

Triple Stumper
    $2000 9
pastoral

Triple Stumper
    $2000 6
Fleetwood Mac

Lani
    $2000 3
Chattanooga

Triple Stumper

Scores at the end of the Double Jeopardy! Round:

Lani George Erin
$12,200 $14,200 $12,400

[wagering suggestions for these scores]

Final Jeopardy! Round responses

NOTABLE WOMEN
LaniWho is Harriet Tubman?
$12,200
ErinWho is Susan B. Anthony?
$11,000
GeorgeWho is Harriett Tubman
$10,601
Harriet Tubman

Final scores:

Lani George Erin
$24,400 $24,801 $1,400
2nd place: $2,000 New champion: $24,801 3rd place: $1,000

Game dynamics:

Coryat scores:

Lani George Erin
$13,400 $14,200 $11,400
17 R
(including 1 DD),
3 W
(including 1 DD)
22 R,
2 W
13 R
(including 1 DD),
0 W

Combined Coryat: $39,000

The J! Archive is created by fans, for fans. The Jeopardy! game show and all elements thereof, including but not limited to copyright and trademark thereto, are the property of Jeopardy Productions, Inc. and are protected under law. This website is not affiliated with, sponsored by, or operated by Jeopardy Productions, Inc. Join the discussion at JBoard.tv.